| 000 | 00966cam a22002535a 4500 | ||
|---|---|---|---|
| 001 | L158056 | ||
| 008 | 091029s2014 xxk f 000 0 eng d | ||
| 020 | _a9780415629928 | ||
| 035 | _a(Sirsi) u158056 | ||
| 041 | 0 | _aeng | |
| 050 | 0 | 4 | _a711.14 |
| 100 | 1 | _aDenyer-Green, Barry | |
| 245 | 0 | 0 | _aCompulsory purchase and compensation |
| 250 | _a10th ed. | ||
| 260 |
_aLondon _bEG Books _c2014 |
||
| 300 |
_alv, 389p. _c24cm. |
||
| 520 | _aConsiders compulsory purchase powers, how those powers can be exercised and compensation for compulsory purchase. This edition has been extensively revised and reflects the Localism Act 2011 and other recent decisions of the courts and the Upper Tribunal. | ||
| 520 | _aSupersedes 9th ed. (ISBN 9780728205741). | ||
| 521 | _aAdvanced | ||
| 590 | _aKA | ||
| 651 | 4 |
_aEngland and Wales _y1543- |
|
| 690 | _aENVIRONMENTAL AND LAND CONSULTANCY-PLANNING AND DEVELOPMENT-COMPULSORY PURCHASE AND COMPENSATION | ||
| 942 | _n0 | ||
| 999 |
_c115108 _d115108 |
||